000 00661nam a22002657a 4500
001 BR9804780
003 BR-BrBNA
005 20230928100103.0
007 ta
008 230509b bl.||||| |||| 00| 0 por d
040 _aBR-BrBNA
_bpor
_cBiblioteca Nacional de Agricultura
041 _a(Por)
072 _aE50
090 _ E50 BR9804780
100 1 _aMatsuno, T.
245 1 _aO efeito terapeutico da propolis; volume 1
260 3 _aSao Paulo, SP (Brasil):
_c1997.
300 _a133 p.
500 _a20 illus.
650 _aPropolis
650 _aMedicamento
650 _aSaude Publica
909 _a202309
_bLucia
_c55
_dLucia Elande
942 _cBK
999 _c60266
_d60266